01071aam a2200409 450000500170000000800410001702000180005804100080007608200150008410000270009924500440012625000160017026000130018626000210019926000090022030000180022930000220024765000200026965000110028965000110030065000220031165000240033365000120035765000120036965000110038165000240039265000150041694200120043199900150044395200300045895200290048895200280051795200290054595200290057495200290060395200290063220241024182826.0150507b2006 sp ||||| |||| 00| 0 spa d a9788475550992 aESP a611 M478g5 aMc Minn, R.M.H.935371 aGran atlas Mc Minn de anatomía humana a5 edición aEspaña bEditorial Oceano c2006 a378 páginas bLáminas a color aANATOMIA HUMANA aCABEZA aCUELLO aCOLUMNA VERTEBRAL aEXTREMIDAD SUPERIOR aTÓRAX aABDOMEN aPELVIS aEXTREMIDAD INFERIOR aMÚSCULOS cBK2ddc c5196d5196 o611 M478g5p11169xMDyBK o611 M478g5p3599xMDyBK o611 M478g5p915xMDyBK o611 M478g5p1974xMDyBK o611 M478g5p2229xMDyBK o611 M478g5p2231xMDyBK o611 M478g5p3600xMDyBK